Albums par cover - Johnny Hallyday - Statistiques

Statistiques générales
  • Ce quiz a été pris 34 fois
  • Le résultat moyen est 23 sur 57
Statistiques - réponses
Par images Réponse % Correct
Gang
79%
Sang pour sang
75%
Johnny
71%
Cadillac
67%
La peur
67%
Lorada
63%
Hamlet
58%
Ce que je sais
54%
Derrière l'amour
54%
La génération perdue
54%
Vie
54%
À la vie, à la mort !
50%
De l'amour
50%
Flagrant délit
50%
Hollywood
50%
L'Attente
50%
Rester vivant
50%
Rivière… ouvre ton lit
50%
Rock'N'Roll Attitude
50%
C'est la vie
46%
Ma vérité
46%
Mon pays c'est l'amour
46%
Ça ne change pas un homme
42%
Jeune homme
42%
Johnny 67
42%
Pas facile
42%
Quelque part un aigle
42%
Solitudes à deux
42%
A partir de maintenant
38%
En pièces détachées
38%
Insolitudes
38%
Je t'aime, je t'aime, je t'aime
38%
Johnny chante Hallyday
38%
La terre promise
38%
Rêve et amour
38%
Rock à Memphis
38%
Rock'n'Slow
38%
Rough Town
38%
Salut les copains
38%
Ça ne finira jamais
33%
Drôle de métier
33%
Le Cœur d'un homme
33%
Les Bras en croix
33%
Nous les gars, nous les filles
33%
Country, Folk, Rock
29%
Destination Vegas
29%
Entre violence et violon
29%
En V.O
29%
Jamais seul
29%
Hallelujah
25%
Johnny Acte II
21%
Nashville 84
21%
Johnny, reviens ! Les Rocks les plus terribles
17%
Spécial Enfants du Rock
8%
Sings America's Rockin' Hits
4%
Black es noir
0%
In Italiano
0%
Aucun quiz correspondant
Distribution des résultats
% des personnes avec chaque résultat
Percentile par nombre de réponses
Votre historique - résultats
Vous n’avez pas pris ce quiz